000 00249nam a2200097Ia 4500
008 240331s9999 xx 000 0 und d
082 _bILA
100 _aSocial Scienc Association. ed
245 0 _aIllankaiyil Innaththuvamum samuga mattamum
942 _cL
999 _c2009
_d2009